000 00881nam a22002777a 4500
001 5872
003 FISKH
005 20250127112900.0
008 250127b cb ||||| |||| 00| 0 eng d
020 _a027506400028
040 _aFISKH
_beng
_cFISKH
_dFISKH
050 _aPZ7
082 _a612
100 _aBerk, Sheryl
245 _aWhat is that rumbly in my tummy? /
_cWritten by Sheryl Berk ; Illustrated by Adam Devaney
260 _aUnited States :
_bAdvance Publisher,
_c2005.
300 _a28 pages :
_bcolor illustrations ;
_c24 cm
490 _aDisney : Winnies the Pooh
_vBody sounds 2
505 _aM
520 _a"Pooh goes from friend to friend to find out why his stomach is making strange sounds"
521 8 _a530
_bLexile estimate
521 8 _aM
_bRaz-Plus
650 _aWinnie the Pooh
_vHunger
942 _2ddc
_cBK
_n0
999 _c5872
_d5872